000 00349cam a2200133ua 4500
008 231020b |||||||| |||| 00| 0 eng d
041 _ahin
082 _a894.54
_bPUR/TA
100 _aPurna swamy sunderam, .
_95526
245 0 0 _aTamil our uska sahithya /
260 _aDelhi :
_bSahirbathy sahikkan ,
_c1961.
300 _a234 ; .
942 _cBK
999 _c11705
_d11705